000 00405nam a2200133Ia 4500
005 20260326235503.0
008 260326s9999||||xx |||||||||||||| ||und||
100 _aPeter, John
245 4 _aThe Oral History of Modern Architecture :
_b Interviewes with the Greatest Architects of the Twentieth Century /
_cJohn Peter
260 _bHarry N. Abrams
300 _a320 p.
650 _aARQUITECTOS
942 _cBK
999 _c8098
_d8098